00455nam a22001457a 4500003001100000005001700011008004100028040003900069082001200108100002100120245003400141260005900175490004600234650002900280LK-CoMWRAF20240229123635.0231225b1993 |||||||| |||| 00| 0 eng d aLK-CoMWRAFdLK-CoMWRAFeLK-CoMWRAF a370bDE aDe Silva, Wimala aFrom free education - wither? aColombo:b J. E. Jayasuriya Memorial foundation,c1993 a J. E. Jayasuriya Memorial Lecturevno, 3 aFREE EDUCATION-Sri Lanka